Die beliebtesten Vodka Marken aus deutschen Supermärkten - Statistiken

Allgemein
  • Dieses Quiz wurde 118 mal gespielt
  • Das Durchschnittsergebnis liegt bei 4 aus 16
Antwortstatistiken
Hint Antwort % Korrekt
5 Gorbatschow
82%
2 Smirnoff
70%
1 Absolut
61%
8 Three Sixty
44%
6 Grey Goose
33%
10 Puschkin
30%
4 Belvedere
26%
7 9 Mile
15%
11 Beluga
7%
3 Russian Standard
6%
9 Skyy
5%
15 Finlandia
3%
12 Grasovka
3%
16 Crystal Head
2%
13 Danzka
2%
14 Koskenkorva
0%
Keine übereinstimmenden Quizze gefunden
Verteilung der Resultate
Anzahl Personen mit jedem Resultat
Perzentil nach korrekt beantworteten Fragen
Ihre Resultats-Entwicklung
Sie haben dieses Quiz noch nicht gespielt